000 00398nam a22001577a 4500
003 macl
005 20160112164216.0
008 150529b xxu||||| |||| 00| 0 eng d
040 _cmacl
082 _a620
100 _aGupta,S.P.
_994
245 _aCivil Engineering Through Objective Type Questions
260 _aNew Delhi
_bCBS Publications
_c2014
650 _aCivil Eng.
_995
942 _2ddc
_cBK
999 _c49763
_d49763